Young Literary Heroines by Book - Click Quiz - Statistics

General Stats
  • This quiz has been taken 22 times
  • The average score is 13 of 15
Answer Stats
Hint Answer % Correct
Curious in Wonderland Alice
100%
Twilight Bella Swan
100%
The Wizard of Oz Dorothy Gale
100%
Harry Potter and the Philosopher’s Stone Hermione Granger
100%
The Hunger Games Katniss Everdeen
100%
Little Women Josephine “Jo” March
90%
The Lion, the Witch and the Wardrobe Lucy Pevensie
90%
The Lightning Thief Annabeth Chase
85%
To Kill a Mockingbird Jean Louise “Scout” Finch
85%
Telekinetic Bookworm Matilda Wormwood
85%
Poetic Feisty Redhead of Green Gables Anne Shirley
80%
Little House on the Prairie Laura Ingalls Wilder
75%
The Secret of the Old Clock Nancy Drew
75%
The Secret Garden Mary Lennox
65%
Independent Super-strength Pippi Longstocking
65%
No matching quizzes found
Score Distribution
Percent of People with Each Score
Percentile by Number Answered
Your Score History
You have not taken this quiz